MDQL
is popping MORE tags! Check the
thread
!
Quizzes
Events
Quiz Creation
Community
Videos
Private Events
Remove Ads
Sign In
Join for FREE
Feedback
Dark Mode
Quiz Categories
Sports
Geography
Music
Movies
Television
Just For Fun
Miscellaneous
History
Literature
Language
Science
Gaming
Entertainment
Religion
Holiday
For Kids
Quiz Lab
Recent
Popular Today
Quiz Kudos Today
Editor Picks
Curator Picks
Quizzes by...
Day
Popularity
Type
Ratings
Length
Year
Community
Subscriptions
Recent Discussions
Orange Saloon
Badges
Playlists
Quests
Create
Leaderboards
Showdown
Live 5
Trivia Bingo
Activity
Puzzle Library
Sporcle Events
Private Events
Virtual Trivia
Globe League
Become a Host
Pub Owners
SporcleCon
Opinionation
Our Games
Videos
Blog
Mobile Apps
Partnerships
Remove Ads and Go Orange
Feedback
Geography
Country
Landmarks
City
State
Population
World
Capital
Continent
Flags
Europe
Africa
Asia
South America
North America
Oceania
Border
Canada
United Kingdom
Topography
United States
Geography
Country
Landmarks
City
State
Population
World
Capital
Continent
Flags
Europe
Africa
Asia
South America
North America
Oceania
Border
Canada
United Kingdom
Topography
United States
Random Quiz
Search Sporcle
×
Quiz Lab
Quiz Lab
Geography
Numbers
Type in answers that appear in a list
Type in answers that appear in a list
Classic
Best Score? Go Orange.
Charles St. cross streets in Baltimore Stats
Can you name the Charles St. cross streets in Baltimore?
By
jblatz
7m
35 Questions
274 Plays
274 Plays
274 Plays
Comments
Comments
Give Quiz Kudos
Give Quiz Kudos
-
- Ratings
hide this ad
More Info
Replay
Link that replays current quiz
Next Quiz
Link to next quiz in quiz playlist
You Got
0%
They Got
Avg Score
56%
Avg Friend Score
Upgrade to see
Score Distribution
Jump to the score distribution portion of the page
Score
0/35
Timer
07:00
0
Plays Today
Number
Street
% Correct
200 S
Pratt Street
88.7%
1900 N
North Avenue
86.5%
0 N/
S
Baltimore Street
83.9%
100 S
Lombard Street
78.1%
100 N
Fayette Street
73.7%
700 N
Monument Street
70.1%
1400 N
Mount Royal Avenue
69%
1100 N
Chase Street
68.6%
1200 N
Biddle Street
67.5%
1100 S
Cross Street
67.2%
800 N
Madison Street
65%
1000 N
Eager Street
63.9%
600 N
Centre Street
63.5%
200 N
Lexington Street
61.7%
300 N
Saratoga Street
61.3%
1800 N
Lafayette Avenue
60.2%
900 N
Read Street
58.4%
500 N
Franklin Street
58.4%
Number
Street
% Correct
1500 S
Fort Avenue
58.4%
1300 N
Preston Street
54%
400 N
Mulberry Street
54%
400 S
Conway Street
54%
1200 S
West Street
51.1%
1000 S
Hamburg Street
50%
1300 S
Ostend Street
48.9%
800 S
Montgomery Street
46.7%
600 S
Lee Street
44.9%
1700 N
Lanvale Street
44.5%
900 S
Henrietta Street
42%
1900 S
Wells Street
40.5%
1700 S
Heath Street
35.4%
1600 S
Randall Street
31%
500 S
Barre Street
29.2%
1400 S
Clement Street
28.8%
1800 S
Barney Street
28.8%
Quiz Playlist
Details
Report
Send in Message
Add To Playlist
More Info:
Enter the names of the cross streets of Charles Street (0 E/W) in Baltimore, Maryland. Includes everything south of 20th St.
Classic:
Type in answers that appear in a list
Last Updated: Jun 13, 2017
Quiz Scoreboard
CHALLENGE
Sign Up to Join the Scoreboard
Show All
Scores
Hide
Comments
May contain spoilers
Recently Published
Image Sorting: Flags VI
by Barbecue
Geography
2m
Find the 'City' Movie
by crazypaving
Movies
60s
Colored Red Africa Blitz
by spor1
Geography
45s
More to Explore
Quiz From the Vault
Featured Blog Post
14 Easter Pick-up Lines to Find Eggs With
hide this ad
You Might Also Like...
Tags
Numbers Quiz
Baltimore
cross
street
Today's Top Quizzes in Geography
Browse Geography
hide this ad
Today's Top Quizzes in Numbers
Browse Numbers
Top Contributed Quizzes in Geography
1
Colored Red Europe Blitz I
2
Countries of the World - No Outlines Minefield
3
Colored Red Africa Blitz II
4
Colored Red Europe Blitz II
5
Colored Red Europe Blitz III
6
Colored Red Africa Blitz III
7
Colored Red States Blitz I
8
A Different View: World Oceans
9
Colored Red States Blitz II
10
Colored Red States Blitz III
Explore More
Trending Topics
Crossword
Kpop
Marvel
Anime
Harry Potter
NBA
Disney
Soccer
WWE
Country
Song
Puzzle
NFL
Pokémon
The Office
hide this ad
More By:
jblatz
Quiz
Plays
Rating
Category
Featured
Created
Charles St. cross streets in Baltimore
274
4.67
Geography
Feb 22, 2010
Baltimore Mass Transit
218
5.00
Geography
Feb 22, 2010
World's smallest islands with Population over 1 million
163
4.75
Geography
Feb 4, 2015
Go to Creator's Profile
Score Distribution
Quiz Creator Spotlight
jblatz
Follow
Send a Message
Quizzes Created
-
Created Quiz Play Count
-
More By This Creator
Popular Quizzes Today
1
Colored Red Africa Blitz
2
Find the US States - No Outlines Minefield
3
Find the 'City' Movie
4
5x2 Blitz: Bands
5
The Countries of the World
6
Find the US States
7
Find the Countries of Europe - No Outlines Minefield
8
US States
More Geography Quizzes
Philippines UNESCO WHS
Editor's Pick
Trending Quizzes
Colored Red Europe Blitz I
Colored Red Europe Blitz II
Colored Red Africa Blitz II
Colored Red Europe Blitz III
Colored Red Africa Blitz III
Recently Updated
How Do You Spell That?
pecheneg
Godzilla Movies
pecheneg
Grab Bag: 4-10 Letters
pecheneg
2024 March Madness Bracket
pecheneg
Famous TV Couples
Peacemaker
Champions League XIs: Real Madrid
pecheneg
Largest US Cities 1790-2010
pecheneg
Rides in Walt Disney World
pecheneg
Most Oscar Losses (Acting)
pecheneg
Beyoncé Albums
pecheneg
Trending Topics
Disney
Kpop
Harry Potter
NBA
Crossword
Marvel
Anime
Pokémon
Country
NFL
WWE
Puzzle
Song
Soccer
The Office
Your Account Isn't Verified!
In order to create a playlist on Sporcle, you need to verify the email address you used during registration. Go to your
Sporcle Settings
to finish the process.
Report this User
Report this user for behavior that violates our
Community Guidelines
.
Details:
Send Report
Go to the Sporcle.com Mobile Site →
Comments